000 00866nam a2200265 a 4500
008
020 _a1853834335 (pbk. )
049 _aMAIN
090 _aGE140 REN
100 1 _aRenner, Michael.
245 1 0 _aFighting for survival :
_benvironmental decline, social conflict, and the new age of insecurity /
_cMichael Renner.
260 _aLondon :
_bEarthscan Publications,
_c1997.
300 _a239 p. :
_bill. ;
_c22 cm.
440 0 _aWorldwatch environmental alert series.
504 _aIncludes bibliographical references..
500 _aIncludes index.
650 0 _aEnvironmental degradation
_xSocial aspects.
650 0 _aSocial ecology.
650 0 _aEconomic security.
907 _a.b10077613
_b24-01-07
_c17-06-03
003
005 20230123133259.0
040 _cNUST
942 _cBOOKS
_kGE140 REN
999 _c145863
_d145863